000 nkm a22 a 4500
999 _c389233
_d389233
003 BLK
005 20200929140054.0
008 200929b bu ||||| |||| 00| 0 bu d
040 _aBLK
041 _aRUS
_cRUS
_cENG
080 _aЕстествени вътрешни води. Пристанища. Крайбрежни хидротехнически съоръжения. Язовири. Техническа хидрология. Вж и 551.46; 556.5; 621.22; 626; 628.1
_b627
_x(47)
_z627(47)
080 _aКраезнание
_b908
_x(47)
_z908(47)
100 _91631
_aБушкина, Алексея
_eфотогр.
139 _9Селигер
_bС 31
245 _aСелигер
_cфотогр. Алексея Бушкина; Юрия Крылова; текст Евгения Симонова
257 _aSUN
260 _9434166
_aМосква
_bПланета
_c1973
300 _a120 с.
_c22X21 см
_bс цв.ил.
380 _a7
650 7 _9154325
_aЕзера
650 7 _9169863
_aРусия
653 7 _9199482
_aфотоалбуми
653 7 _9180586
_aалбуми
653 0 _9434644
_aСелигер
700 _9434645
_aКрылова, Юрия
700 _9434646
_aСимонова, Евгения
852 _bЦб
_aЦб 301187
942 _cGRA
_n0
_s1
944 _aCR
_c2020-09-29
_kК.Д.
_l2020-09-29